| 000 | 00513nam a22001577a 4500 | ||
|---|---|---|---|
| 005 | 20241114173630.0 | ||
| 008 | 241114b |||||||| |||| 00| 0 eng d | ||
| 020 | _a9789988120528 | ||
| 100 | _aTenobi David T. | ||
| 245 |
_aA Historical Glimpse of the Holy Spirit Revival _balled Pentecostalism of the Church from 1900 to Date |
||
| 260 |
_aKoforidua, Ghana _bDanchrist Printing Works _c2010 |
||
| 300 |
_axi, 164 pages _c20.5 cm |
||
| 500 | _aIncludes Illustrations | ||
| 650 | _2Holy Spirit | ||
| 942 |
_2lcc _cBK _n0 |
||
| 999 |
_c1218 _d1218 |
||